Prosodia i métrica latinas
محفوظ في:
| المؤلف الرئيسي: | |
|---|---|
| التنسيق: | كتاب |
| اللغة: | اللاتينية الإسبانية |
| منشور في: |
Santiago
Imprenta Chilena, calle del Peumo, esquina de la de Huérfanos
1862
|
| الطبعة: | 4a. ed |
| الموضوعات: | |
| الوسوم: |
إضافة وسم
لا توجد وسوم, كن أول من يضع وسما على هذه التسجيلة!
|
MARC
| LEADER | 00000nam a2200000 a 4500 | ||
|---|---|---|---|
| 001 | UCJ6411 | ||
| 003 | CL-VaPUC | ||
| 008 | 070124e18620000CL |||||||||||||||||lat|d | ||
| 041 | 0 | 7 | |a lat |2 CL-VaPUC |
| 041 | 0 | 7 | |a spa |2 CL-VaPUC |
| 082 | 0 | 4 | |a 470 |b BEL |2 21 |
| 100 | 0 | |a Bello, Francisco |e author |9 511361 | |
| 245 | 1 | 0 | |a Prosodia i métrica latinas |
| 250 | |a 4a. ed | ||
| 300 | |a xv, 502 p | ||
| 942 | |c BK | ||
| 945 | |d 20070124 00:00:00 |a rinostro | ||
| 260 | |a Santiago |b Imprenta Chilena, calle del Peumo, esquina de la de Huérfanos |c 1862 | ||
| 500 | |a 4§.-Anteport.- v. en b.- Portadilla.- v. en b.- Port.- v. en b.- Las partes I y II conforman un solo volumen paginado en forma contínua.- Advierte errata | ||
| 600 | 0 | 7 | |a LOBECK, JUSTO FLORIAN |2 CL-VaPUC |9 513029 |
| 600 | 0 | 7 | |a PRADO, SANTIAGO |2 CL-VaPUC |9 509170 |
| 650 | 0 | |a Latín |9 269544 | |
| 650 | 0 | |a Métrica |9 378367 | |
| 650 | 7 | |a GRAMATICA LATINA |2 CL-VaPUC |9 421557 | |
| 650 | 7 | |a TEXTOS CLASICOS |2 CL-VaPUC |9 513030 | |
| 583 | |a last modification |c 20070124 00:00:00 |k Rodrigo Vera | ||
| 999 | |c 322516 |d 322514 | ||
| 952 | |0 0 |1 0 |4 0 |6 470_000000000000000_BEL_1862 |7 0 |8 X |9 401522 |a FDOBUD |b FDOBUD |d 2019-11-22 |i 104768K |o 470 BEL 1862 |p 104768K |r 2019-11-22 |w 2019-11-22 |y BK_X |k BUD | ||
| 952 | |0 0 |1 0 |4 0 |6 470_000000000000000_BEL_1862 |7 0 |8 X |9 401523 |a FDOBUD |b FDOBUD |d 2019-11-22 |i 4526546 |o 470 BEL 1862 |p 4526546 |r 2019-11-22 |w 2019-11-22 |y BK_X |k BUD | ||